000 00403 a2200109 4500
001 ART_12066
005 20260410161903.0
008 260409a
245 1 0 _aSeveral efficient two-step estimators for the dynamic simultaneous equations model with autoregressive disturbances
100 1 _aHatanaka, Michio
773 0 _tJournal of econometrics
_g- Vol. 4, NÂș 2 (may. 1976)
_wREV11720
999 _c26062
_d26062